SpeedCube Brands - Statistics

General Stats
  • This quiz has been taken 16 times
  • The average score is 6 of 9
Answer Stats
Answer % Correct
GAN
100%
MoYu
100%
Qiyi
92%
DaYan
83%
Rubik
67%
YJ
58%
Yuxin
50%
ShengShou
42%
MoFang Jiaoshi
17%
No matching quizzes found
Score Distribution
Percent of People with Each Score
Percentile by Number Answered
Your Score History
You have not taken this quiz